| 000 | 00618nam a2200205 i 4500 | ||
|---|---|---|---|
| 001 | bgj | ||
| 100 | 1 | _aREDMAN, Stuart | |
| 245 | 1 | 0 |
_aEnglish vocabulary in use : _bpre-intermediate and intermediate / _cStuart Redman. |
| 260 |
_aCambridge : _bCambridge University Press, _c1997. |
||
| 300 |
_a270 pp : _bill. ; _c25 cm. |
||
| 505 | _aIncludes index and answer key. | ||
| 650 | 9 |
_aEnglish language _xVocabulary |
|
| 655 | _aTextbooks for foreigners | ||
| 020 | _a0521557372 (pbk) | ||
| 040 | _cBPK | ||
| 041 | 0 | _aeng | |
| 920 | _a0-521-55737-2 (pbk) | ||
| 942 | _cKS | ||
| 008 | s uk f |000 0 eng | ||
| 999 |
_c48152 _d48152 |
||
| 856 |
_uhttp://koha.tu.koszalin.pl/cgi-bin/koha/opac-detail.pl?biblionumber=48152 _yKatalog online BPK |
||